Welcome to the Holygrace Academy Library

Please use search bar below to get started

TALES OF A FOURTH GRADE NOTHING (Record no. 5657)

MARC details
000 -LEADER
fixed length control field 00333nam a22001457a 4500
020 ## - INTERNATIONAL STANDARD BOOK NUMBER
ISBN 0-330-26211-4
082 ## - DEWEY DECIMAL CLASSIFICATION NUMBER
Classification number 823
Item number BLU/T
100 ## - MAIN ENTRY--AUTHOR NAME
Personal name BLUME, JUDY
245 ## - TITLE STATEMENT
Title TALES OF A FOURTH GRADE NOTHING
260 ## - PUBLICATION, DISTRIBUTION, ETC. (IMPRINT)
Place of publication BRITAIN
Name of publisher THE BODLEY HEAD
Year of publication 1979
300 ## - PHYSICAL DESCRIPTION
Number of Pages 124
520 ## - SUMMARY, ETC.
Summary, etc ENGLISH STORY
650 ## - SUBJECT ADDED ENTRY--TOPICAL TERM
Topical Term ENGLISH STORY
942 ## - ADDED ENTRY ELEMENTS (KOHA)
Koha item type Books
Holdings
Withdrawn status Lost status Collection code Home library Current library Shelving location Date acquired Source of acquisition Full call number Accession Number Koha item type
    Fiction Main Library Main Library SHELF 15-I-CHILDREN'S STORYBOOKS 31/01/2019 Purchase 823 BLU/T 10896 Books